Pokémon - Les attaques de Kravarech - Statistiques

Statistiques générales
  • Ce quiz a été pris 16 fois
  • Le résultat moyen est 10 sur 14
Statistiques - réponses
Niveaux Types Noms des attaques % Correct
Niveau 40 Dragon Draco-Choc
100%
Niveau 59 Eau Hydrocanon
100%
Départ Eau Pistolet à O
100%
Départ Poison Acide
90%
Niveau 35 Poison Toxik
90%
Niveau 30 Eau Vibraqua
90%
Niveau 66 Dragon Colère
80%
Niveau 52 Poison Bombe Beurk
70%
Départ Normal Charge
70%
Niveau 45 Eau Hydro-Queue
70%
Niveau 25 Poison Queue-Poison
60%
Niveau 15 Normal Mimi-Queue
50%
Départ Normal Brouillard
20%
Niveau 20 Normal Reflet
0%
Aucun quiz correspondant
Distribution des résultats
% des personnes avec chaque résultat
Percentile par nombre de réponses
Votre historique - résultats
Vous n’avez pas pris ce quiz